000
00222 a2200097 4500
001
32607
100
_a
Pouchpadass, E
245
_a
My truth (indhra Gandhi)
260
_a
New Delhi
_b
Vision Books
_c
090
_c
21821
_d
21821
942
_a
NUST-CAE
_c
M
_c
13138
999
_c
267680
_d
267680